Taylor Swift - Devine les chansons par leurs bridge #5 - Statistiques

Statistiques générales
  • Ce quiz a été pris 188 fois
    137 depuis la dernière actualisation
  • Le résultat moyen est 10 sur 15
Statistiques - réponses
Hint Réponse % Correct
To kiss in cars and downtown barsWas all we needed You drew stars around my scars But now I'm bleedin' cardigan
94%
Sapphire tears on my faceSadness became my whole sky But some guy said my aura's moonstone Just 'cause he was high And we're dancin' all night And you can try to change my mind But you might have to wait in line What's a girl gonna do? A diamond's gotta shine Bejeweled
91%
And I don't want you to (Go), I don't really wanna (Fight)'Cause nobody's gonna (Win), I think you should come home And I don't want you to (Go), I don't really wanna (Fight) 'Cause nobody's gonna (Win), I think you should come home And I don't want you to (Go), I don't really wanna (Fight) 'Cause nobody's gonna (Win), just thought you should know And I'll never let you (Go) 'cause I know this is a (Fight) That someday we're gonna (Win) Miss Americana & The Heartbreak Prince
86%
Flashback when you met meYour buzzcut and my hair bleached Even in my worst times You could see the best in me Flashback to my mistakes My rebounds, my earthquakes Even in my worst lies You saw the truth in me And I woke up just in time Now I wake up by your side My one and only, my lifeline I woke up just in time Now I wake up by your side My hands shake, I can’t explain this, ah, ha, ha, ha-ah Dress
84%
Hold on to spinning aroundConfetti falls to the ground May these memories break our fall Will you take a moment? Promise me this That you'll stand by me forever But if, God forbid, fate should step in And force us into a goodbye If you have children some day When they point to the pictures Please, tell 'em my name Tell 'em how the crowds went wild Tell 'em how I hope they shine *** the walls we crashed through I had the time of my life with you Long Live
82%
I loved your hostile takeoversEncounters closer and closer All your indecent exposures How dare you say that it's— I'll build you a fort on some planet Where they can all understand it How dare you think it's romantic Leaving me safe and stranded 'Cause fuck it, I was in love So fuck you if I can't have us 'Cause fuck it, I was in love Down Bad
80%
Please, take my hand andPlease, take me dancing and Please, leave me stranded It's so romantic (It's so romantic) Ah-ah-ah-ah-ah-ah New Romantics
80%
Take me home (Ah)Just take me home (Ah) Yeah, just take me home (Ah) Oh-oh, woah-oh, oh (Out of ***) Style
78%
While you were out buildin' other worlds, where was I?Where's that man who'd throw blankets over my barbed wire? I made you my temple, my mural, my sky Now I'm beggin' for footnotes in the story of your life Drawin' hearts in the byline Always takin' up too much space or time You assume I'm fine, but what would you do if I (I) tolerate it
71%
I'm lonely, but I'm goodI'm bitter, but I swear I'm fine I'll save all my romanticism for my inner life and I'll get lost on purpose This place made me feel worthless Lucid dreams like electricity, the current flies through me And in my fantasies, I rise above it And way up there, I actually love it I Hate It Here
56%
God rest my soulI miss who I used to be The tomb won't close Stained glass windows in my mind I regret you all the time I can't let this go I fight with you in my sleep The wound won't close I keep on waiting for a sign I regret you all the time Would’ve Could’ve Should’ve
56%
When all you wanted was to be wantedWish you could go back and tell yourself what you know now Back then, I swore I was gonna marry him someday But I realized some bigger dreams of mine And Abigail gave everything she had To a boy who changed his mind And we both cried Fifteen
55%
Maybe I'm just a girl on a missionBut I'm ready to fly A Place In This World
26%
Distance, timin', breakdown, fightingSilence, the train runs off its tracks Kiss me, try to fix it, could you just try to listen? Hang up, give up and, for the life of us, we can't get back Sad Beautiful Tragic
25%
You had me crawling for you, honey, and it never would've gone away, noYou used to shine so bright, but I watched all of it fade You’re Not Sorry
17%
Aucun quiz correspondant
Distribution des résultats
% des personnes avec chaque résultat
Percentile par nombre de réponses
Votre historique - résultats
Vous n’avez pas pris ce quiz depuis la dernière actualisation